000 00954nam a2200277 i 4500
001 19261
003 ES-MaACL
005 20250825073721.0
007 t|
008 020708s2002 sp ||||1| spa d
020 _a84-339-2550-4
080 _a929 Kapuscinski, Ryszard (047.53)
080 _a070
100 1 _aKapuscinski, Ryszard.
_967542
245 1 4 _aLos cínicos no sirven para este oficio
_b: sobre el buen periodismo /
_cRyszard Kapuscinski ; edición de Maria Nadotti ; traducción de Xavier González Rovira.
260 _aBarcelona :
_bAnagrama,
_c[2002]
300 _a124 p. ;
_c22 cm.
490 1 _aCrónicas Anagrama ;
_v50
600 1 4 _aKapuscinski, Ryszard-
_vEntrevistas.
_967543
650 7 _aPeriodismo
_2embne
_915943
700 1 _aNadotti, Maria.
_984827
700 1 _aGonzález Rovira, Xavier.
_958934
830 0 _aCrónicas Anagrama ;
_v50
_9180220
852 _aES-MaACL
_jL-25696
_bR.131553
999 _c19261
_d19261